Bordering Countries with Totally Different Letters - Statistics

General Stats
  • This quiz has been taken 118 times
  • The average score is 12 of 18
Answer Stats
Country % Correct
Egypt
84%
Sudan
84%
Chad
79%
Niger
77%
Benin
73%
Togo
73%
Greece
71%
Kosovo
71%
Albania
70%
Albania
70%
Colombia
63%
Peru
63%
Peru
63%
Bolivia
62%
Saudi Arabia
62%
Yemen
62%
Ghana
52%
Côte d'Ivoire
48%
No matching quizzes found
Score Distribution
Percent of People with Each Score
Percentile by Number Answered
Your Score History
You have not taken this quiz